000
00230nam a22000857a 4500
008
160630b xxu||||| |||| 00| 0 eng d
100
_9
1544
_a
Sharma, J.M
245
_a
A New look at Numbers
260
_a
New Delhi
_b
Arya Publication
_c
1996
999
_c
1276
_d
1276